Qui réside à ces célèbres adresses ? 7 - Statistiques

Statistiques générales
  • Ce quiz a été pris 10 fois
  • Le résultat moyen est 4 sur 15
Statistiques - réponses
Hint Réponse % Correct
Palais du Turkmenbasy Président turkmène
56%
Rashtrapati Bhawan Président indien
44%
Château de Bellevue Président allemand
33%
Palais du Quirinal Président italien
33%
Palais Grassalkovitch Président slovaque
33%
Palais de Miraflores Président vénézuélien
33%
Largo Président bulgare
22%
Palais de Belt-Salam Président comorien
22%
Maison bleue Président coréen du sud
22%
Palais de Malacanan Président philippin
22%
Novi dvor Président serbe
22%
Palais St Antoine Président maltais
11%
Palais de la Renaissance Président centrafricain
0%
Mahlamba Ndlopfu Président sud-africain
0%
Palais Nicolau Lobato Président timorais
0%
Aucun quiz correspondant
Distribution des résultats
% des personnes avec chaque résultat
Percentile par nombre de réponses
Votre historique - résultats
Vous n’avez pas pris ce quiz